Emilio Vieites (Record no. 26093)
[ view plain ]
| 000 -LEADER | |
|---|---|
| campo de control de longitud fija | 01256nam a2200289 i 4500 |
| 001 - NÚMERO DE CONTROL | |
| campo de control | 26093 |
| 003 - IDENTIFICADOR DE NÚMERO DE CONTROL | |
| campo de control | ES-MaACL |
| 005 - FECHA Y HORA DE LA ÚLTIMA TRANSACCIÓN | |
| campo de control | 20251013235009.0 |
| 007 - CAMPO FIJO DE DESCRIPCIÓN FÍSICA--INFORMACIÓN GENERAL | |
| campo de control de longitud fija | t| |
| 008 - DATOS DE LONGITUD FIJA--INFORMACIÓN GENERAL | |
| campo de control de longitud fija | 151214s2013 sp a c |||| | spa d |
| 020 ## - NÚMERO INTERNACIONAL ESTÁNDAR DEL LIBRO | |
| Número Internacional Estándar del Libro | ISBN 978-84-7564-637-4 |
| 080 ## - NÚMERO DE LA CLASIFICACIÓN DECIMAL UNIVERSAL | |
| Número de la Clasificación Decimal Universal | 75 Vieites, Emilio (083.824) |
| 100 1# - ENTRADA PRINCIPAL--NOMBRE DE PERSONA | |
| Nombre de persona | Vieites, Emilio. |
| 9 (RLIN) | 158354 |
| 245 10 - MENCIÓN DEL TÍTULO | |
| Título | Emilio Vieites |
| Resto del título | : antología : septiembre-noviembre 2013, MUBAM, Museo de Bellas Artes de Murcia / |
| Mención de responsabilidad, etc. | [comisario, Juan González Sánchez ; textos, Ana Cristina Herreros, Juan Bautista Sanz, Sergio Acosta Álvarez]. |
| 260 ## - PUBLICACIÓN, DISTRIBUCIÓN, ETC. | |
| Lugar de publicación, distribución, etc. | [Murcia] : |
| Nombre del editor, distribuidor, etc. | Tres Fronteras : |
| -- | E.V.A., |
| Fecha de publicación, distribución, etc. | [2013] |
| 300 ## - DESCRIPCIÓN FÍSICA | |
| Extensión | 135, [18] p. : |
| Otras características físicas | principalmente il. col. ; |
| Dimensiones | 23 x 23 cm. |
| 600 14 - PUNTO DE ACCESO ADICIONAL DE MATERIA--NOMBRE DE PERSONA | |
| Nombre de persona | Vieites, Emilio- |
| Subdivisión de forma | Exposiciones. |
| 9 (RLIN) | 158355 |
| 655 #7 - TERMINO DE INDIZACIÓN--GENERO/FORMA | |
| Fuente del término | tgfbne |
| 9 (RLIN) | 193628 |
| Datos o término principal de género/forma | Catálogos de exposiciones |
| 700 1# - ENTRADA AGREGADA--NOMBRE PERSONAL | |
| Nombre de persona | González Sánchez, Juan, |
| Fechas asociadas al nombre | 1975- |
| 9 (RLIN) | 158356 |
| 700 1# - ENTRADA AGREGADA--NOMBRE PERSONAL | |
| Nombre de persona | Herreros, Ana Cristina ( |
| Fechas asociadas al nombre | 1965-) |
| 9 (RLIN) | 158357 |
| 700 1# - ENTRADA AGREGADA--NOMBRE PERSONAL | |
| Nombre de persona | Sanz, Juan Bautista, |
| Fechas asociadas al nombre | 1949- |
| 9 (RLIN) | 158358 |
| 700 1# - ENTRADA AGREGADA--NOMBRE PERSONAL | |
| Nombre de persona | Acosta Álvarez, Sergio. |
| 9 (RLIN) | 158359 |
| 852 ## - LOCALIZACIÓN | |
| Ubicación | ES-MaACL |
| Número de control de estantería | A-13502 |
| itemnumber | 27076 |
| Sublocalización o colección | R.150385 |
| Ubicación en estantería | Depósito 1 |
| Signatura antigua | Olim: N-6502 |
| Anotaciones manuscritas | Dedicatoria autógrafa del autor |
| Donativo/Legado | Donacion: Emilio Vieites |
| 903 ## - NOMBRE PERSONAL DE DONANTE | |
| 9 | 158355 |
| a | Vieites, Emilio- |
| e | Donante |
| 942 ## - ELEMENTOS DE ENTRADA SECUNDARIOS (KOHA) | |
| Fuente del sistema de clasificación o colocación | Clasificación decimal universal |
| Estatus retirado | Estado de pérdida | Fuente del sistema de clasificación o colocación | Estado de daño | No para préstamo | Colección | Biblioteca de origen | Biblioteca actual | Ubicación en estantería | Fecha de adquisición | Fuente de adquisición | Total de préstamos | Signatura topográfica completa | Código de barras | Visto por última vez | Precio de reemplazo | Tipo de ítem Koha | Nota pública |
|---|---|---|---|---|---|---|---|---|---|---|---|---|---|---|---|---|---|
| Clasificación decimal universal | Libros con dedicatorias | Biblioteca del Ateneo de Madrid | Biblioteca del Ateneo de Madrid | Depósito 1 | 14/12/2015 | Donación | A-13502 | 1194572 | 23/02/2023 | 23/02/2023 | Libro impreso | Dedicatoria autógrafa del autor |
